Historical narratives : (Record no. 51965)

MARC details
000 -LEADER
fixed length control field 00578nam a2200193Ia 4500
005 - DATE AND TIME OF LATEST TRANSACTION
control field 20260429112027.0
008 - FIXED-LENGTH DATA ELEMENTS--GENERAL INFORMATION
fixed length control field 260429s9999||||xx |||||||||||||| ||und||
020 ## - INTERNATIONAL STANDARD BOOK NUMBER
International Standard Book Number 9781032480534
041 ## - LANGUAGE CODE
Language English
082 ## - DEWEY DECIMAL CLASSIFICATION NUMBER
Classification number 907.2
Item number SHE
100 ## - MAIN ENTRY--PERSONAL NAME
Personal name Imaz-Sheinbaum, Mariana
245 #0 - TITLE STATEMENT
Title Historical narratives :
Remainder of title constructable, evaluable, inevitable /
Statement of responsibility, etc Mariana Imaz-Sheinbaum
250 ## - EDITION STATEMENT
Edition statement 1st ed.
260 ## - PUBLICATION, DISTRIBUTION, ETC. (IMPRINT)
Place of publication, distribution, etc United Kingdom :
Name of publisher, distributor, etc Routledge,
Date of publication, distribution, etc 2024.
300 ## - PHYSICAL DESCRIPTION
Extent xii, 140 p.; hb
440 ## - SERIES STATEMENT/ADDED ENTRY--TITLE
Title Routledge approaches to history; 57
650 ## - SUBJECT ADDED ENTRY--TOPICAL TERM
Topical term or geographic name as entry element History: Research
942 ## - ADDED ENTRY ELEMENTS (KOHA)
Koha item type Text Books
Holdings
Withdrawn status Lost status Damaged status Not for loan Collection code Home library Location Shelving location Date of Cataloging Source of acquisition Total Checkouts Full call number Barcode Date last seen Price effective from Koha item type
        Non-fiction CUTN Central Library CUTN Central Library History & Geography 29/04/2026 Overseas Press, New Delhi - Invoice No. IN32831 on 09-02-2026   907.2 SHE 57006 29/04/2026 29/04/2026 Text Books